| 000 | 00411nam a2200169Ia 4500 | ||
|---|---|---|---|
| 005 | 20140402110309.0 | ||
| 008 | 140130s9999 xx 000 0 und d | ||
| 050 |
_aE 99.M8 _b.Sw83 1997 |
||
| 245 |
_cSwamp, Chief Jake _aGiving thanks |
||
| 260 | _bScholastic, | ||
| 300 |
_a[24] p. : _bchiefly col ill. ; _c29 cm. |
||
| 440 | _v1 | ||
| 521 | _aG4 | ||
| 526 | _c680 | ||
| 942 |
_cBK _2lcc |
||
| 999 |
_c40952 _d40952 |
||